| 000 | 00720cab a22001935a 4500 | ||
|---|---|---|---|
| 001 | L146969 | ||
| 008 | 090318e20090313xxkad f 000 0 eng d | ||
| 035 | _a(Sirsi) u146969 | ||
| 041 | 0 | _aeng | |
| 100 | 1 | _aMorrison, Doug | |
| 245 | 0 | 0 | _aHigh-rise evacuation |
| 260 | _c2009 | ||
| 490 | 0 |
_aProperty Week _v75(11) 13 March 2009, 48-49(2) |
|
| 520 | _aReveals that due to the credit-crunch, the residential tower scheme market looks set to plummet as buyers across the UK are walking away from deposits rather than follow through on flats that are now worth less than they agreed to pay for them. | ||
| 590 | _aKA | ||
| 651 | 4 |
_aUnited Kingdom _y |
|
| 690 | _aPROPERTY-PROPERTY MANAGEMENT-REGENERATION | ||
| 942 | _n0 | ||
| 999 |
_c81348 _d81348 |
||